000 00336pab a2200145 454500
008 180718b1983 xxu||||| |||| 00| 0 eng d
100 _aNoorani, A.G.
245 _aExtra - judicial activity of judges
260 _c1983
300 _a6
362 _a15 Feb.
650 _aJudges - India
773 _aIndian Express
909 _a11546
999 _c11546
_d11546